Teoría general de las sociedades / (Registro nro. 31104)
[ vista simple ]
| 000 -LEADER | |
|---|---|
| fixed length control field | 01699nam a22002897a 4500 |
| 003 - CONTROL NUMBER IDENTIFIER | |
| control field | OSt |
| 005 - DATE AND TIME OF LATEST TRANSACTION | |
| control field | 20251031132401.0 |
| 008 - FIXED-LENGTH DATA ELEMENTS--GENERAL INFORMATION | |
| fixed length control field | 251029t |||||||| |||| 00| 0 eng d |
| 020 ## - INTERNATIONAL STANDARD BOOK NUMBER | |
| International Standard Book Number | 9586533085 |
| 037 ## - SOURCE OF ACQUISITION | |
| Source of stock number/acquisition | Donación |
| 040 ## - CATALOGING SOURCE | |
| Original cataloging agency | CO-JMCR |
| Transcribing agency | spa |
| Language of cataloging | CO-JMCR |
| Modifying agency | CO-JMCR |
| Description conventions | rda |
| 041 0# - LANGUAGE CODE | |
| Language code of text/sound track or separate title | spa |
| 082 04 - DEWEY DECIMAL CLASSIFICATION NUMBER | |
| Edition number | 19 |
| Classification number | 347.7 |
| Item number | N16t |
| 100 1# - MAIN ENTRY--PERSONAL NAME | |
| Personal name | Narváez García, José Ignacio, |
| Dates associated with a name | 1922 - 2018 |
| Relator term | autor |
| 9 (RLIN) | 44010 |
| 245 10 - TITLE STATEMENT | |
| Title | Teoría general de las sociedades / |
| Statement of responsibility, etc. | José Ignacio Narváez García. |
| 250 ## - EDITION STATEMENT | |
| Edition statement | Novena Edición. |
| Remainder of edition statement | revisada. |
| 260 ## - PUBLICATION, DISTRIBUTION, ETC. | |
| Place of publication, distribution, etc. | Bogotá : |
| Name of publisher, distributor, etc. | Legis, |
| Date of publication, distribution, etc. | 2002. |
| 300 ## - PHYSICAL DESCRIPTION | |
| Extent | 483 páginas |
| Dimensions | 24 cm. |
| 490 ## - SERIES STATEMENT | |
| Series statement | Derecho mercantil colombiano ; |
| Volume/sequential designation | 3 |
| 500 ## - GENERAL NOTE | |
| General note | Incluye biografía |
| 504 ## - BIBLIOGRAPHY, ETC. NOTE | |
| Bibliography, etc. note | Bibliografía : páginas 481 - 43 |
| 505 ## - FORMATTED CONTENTS NOTE | |
| Formatted contents note | Diversidad de formas asociativas -- Personalidad jurídica de las sociedades -- Naturaleza del acto creador de la sociedad -- Clasificación de las sociedades -- Precontrato, contrato y nulidades -- Condiciones de existencia de la sociedad -- Cumplimiento u omisión de formalidades -- Adquisición y pérdida del estado de socio -- El capital social -- Determinación periódica de utilidades y su distribución -- Reformas estatutarias -- Los órganos sociales -- Junta de socios o asamblea de accionistas -- Administradores en general -- Fiscalización y supervisión de las sociedades -- Disolución de las sociedades -- Liquidación del patrimonio social -- Conglomerados de sociedades y grupos empresariales - |
| 650 #7 - SUBJECT ADDED ENTRY--TOPICAL TERM | |
| Topical term or geographic name entry element | Derecho comercial |
| General subdivision | Legislación |
| Geographic subdivision | Colombia. |
| Source of heading or term | JMCR |
| 9 (RLIN) | 44406 |
| 650 #7 - SUBJECT ADDED ENTRY--TOPICAL TERM | |
| Topical term or geographic name entry element | Asociaciones |
| General subdivision | Legislación |
| Geographic subdivision | Colombia. |
| Source of heading or term | JMCR |
| 9 (RLIN) | 44407 |
| 650 #7 - SUBJECT ADDED ENTRY--TOPICAL TERM | |
| Topical term or geographic name entry element | Capital social |
| General subdivision | Legislación |
| Geographic subdivision | Colombia. |
| Source of heading or term | JMCR |
| 9 (RLIN) | 44408 |
| 942 ## - ADDED ENTRY ELEMENTS (KOHA) | |
| Source of classification or shelving scheme | Dewey Decimal Classification |
| Koha item type | Books |
| Withdrawn status | Lost status | Source of classification or shelving scheme | Damaged status | Not for loan | Collection code | Home library | Current library | Shelving location | Date acquired | Source of acquisition | Total Checkouts | Full call number | Barcode | Date last seen | Copy number | Price effective from | Koha item type |
|---|---|---|---|---|---|---|---|---|---|---|---|---|---|---|---|---|---|
| Dewey Decimal Classification | Non-fiction | Biblioteca Pública José María del Castillo y Rada | Biblioteca Pública José María del Castillo y Rada | Book Cart | 07/10/2023 | donación | 347.7 N16t | 201811956 | 10/29/2025 | Ej. 1 | 10/29/2025 | Books |